000 00689nam a2200229Ii 4500
003 JO-AjNU
008 230605s9999||||xx |||||||||||||| ||und||
017 _a2012/8/3218
020 _a978-9957-49-045-4
040 _aJO-AjNU
_bara
_erda
_cJO-AjNU
041 _aara
050 1 4 _aPJ7808 2013
100 3 _aالزغول، فارس علي ,
_eauthor
_957561
245 0 0 _aوسوسة على درب الهلع
250 _aط1
264 3 1 _aعمان: وزارة الثقافة،2013
300 _a171ص
336 _atext
_btxt
_2rdacontent
337 _aunmediated
_bn
_2rdamedia
338 _avolume
_bnc
_2rdacarrier
650 4 _aقصص عربية-العصر الحديث
_957562
999 _aA25803
_c29371
_d29371